000
00185 a2200085 4500
020
_a
9780500204238
100
_a
Christiane Paul
245
_a
Digital Art
260
_b
Thames & Hudson
_c
2015
999
_c
13313
_d
13313